Divide numbers by 5 - Statistics

General Stats
  • This quiz has been taken 27 times
  • The average score is 5 of 11
Answer Stats
Number Answer % Correct
3020 604
89%
500 100
74%
410 82
74%
130 26
58%
190 38
47%
280 56
42%
720 144
37%
855 171
32%
1810 362
26%
1170 234
11%
3785 775
0%
No matching quizzes found
Score Distribution
Percent of People with Each Score
Percentile by Number Answered
Your Score History
You have not taken this quiz